000
00205nam a2200097Ia 4500
008
240331s9999 xx 000 0 und d
082
_b
STE
100
_a
Steel, D
245
0
_a
Five Days in Paris
942
_c
L
999
_c
5802
_d
5802